000 00338nam a2200133Ia 4500
008 240624s9999 xx 000 0 und d
041 _aeng
082 _a346.048 SHA
100 _aSHAH SUNIL N
245 _aIPR AND CYBER LAWS
260 _c2016
_aNew Delhi
_bHimalaya Publishing House
300 _a122 : p. : cm. ; 24
365 _cRS
_b31
999 _c27001
_d27001